| 000 | 00453pab a2200169 454500 | ||
|---|---|---|---|
| 008 | 180718b2003 xxu||||| |||| 00| 0 eng d | ||
| 100 | _aBarling, David | ||
| 245 | _aA reluctant food policy? The first five years of good policy under labour | ||
| 260 | _c2003 | ||
| 300 | _ap.8-18. | ||
| 362 | _aJan-Mar | ||
| 650 | _aFood supply - Great Britain | ||
| 650 | _aFood supply | ||
| 700 | _aLang, Tim | ||
| 773 | _aPolitical Quarterly | ||
| 909 | _a57250 | ||
| 999 |
_c57250 _d57250 |
||